000 01391pam a2200361 a 4500
001 1089414
003 OSt
005 20140310182131.0
008 921023s1993 nyu j 000 1 eng
010 _a 92039885
020 _a0060229411 :
_c$14.00 ($18.75 Can.)
020 _a006022942X (lib. bdg.)
040 _aDLC
_cDLC
_dDLC
042 _alcac
050 0 0 _aPZ 7
_b.G29354Go 1993
082 0 0 _aHS 819.8928
_bG31 1993
100 1 _aGeras, Adele.
_914721
245 1 0 _aGolden windows and other stories of Jerusalem /
_cAdele Geras.
250 _a1st ed.
260 _aNew York :
_bHarperCollins,
_cc1993.
300 _a148 p. ;
_c22 cm.
500 _a"Willa Perlman books."
505 0 _aGolden windows, 1910 -- A garden with rabbits, 1912 -- Beyond the Cross Stitch Mountains, 1948 -- Dreams of fire, 1950 -- Cardboard boxes full of America, 1954.
520 _aFive short stories which describe what it was like to grow up in Jerusalem in the first half of the twentieth century.
650 0 _aChildren's stories, American.
650 1 _aJews
_zJerusalem
_xFiction.
_914722
650 1 _aShort stories.
_92265
651 1 _aJerusalem
_xFiction.
_914723
906 _a7
_bcbc
_corignew
_d1
_eocip
_f19
_gy-gencatlg
942 _2lcc
999 _c9697
_d9697